00668nam a2200205 a 450000100100000000500170001000800410002702000150006804000250008308200250010810000360013324500440016925000110021326000370022430000210026150000710028265000240035365000270037771000580040400001454620240412074241.0100114s2006 dr r 001 j spa d a9993475017 aDO-SdBNPbspacBNPHU aRD863.44bG216p 20061 aGarcía Romero, Rafael,d1957-10aA puro dolor /cRafael Gercía Romero. a2a ed. aSanto Domingo :bCEDIBIL,c2006. a158 p. ;c22 cm. aIncluye datos biográficos del autor en la solapa de la cubierta. 0aCuentos dominicanos 0aLiteratura dominicana.2 aCentro Dominicano de Investigaciones Bibliográficas